[Event "Russian Championship G13 1st league 2016"]
[Site "Loo"]
[Date "2016.04.28"]
[Round "9.27"]
[White "Bychenok, Kseniya"]
[Black "Belova, Ksenia"]
[Result "1/2-1/2"]
[WhiteElo "1334"]
[BlackElo "1474"]
[PlyCount "80"]
[EventDate "2016.04.20"]

1. e4 c5 2. c3 d5 3. exd5 Qxd5 4. d4 Nf6 5. Nf3 Nc6 6. Be3 cxd4 7. cxd4 e6 8.
Nc3 Qd8 9. Be2 Be7 10. O-O O-O 11. Ne5 Bd7 12. Nxd7 Qxd7 13. Qd2 Rac8 14. Bf3
Nb4 15. Rac1 Nbd5 16. Nxd5 Nxd5 17. Rxc8 Rxc8 18. Rc1 Rxc1+ 19. Qxc1 Nxe3 20.
Qxe3 Bf6 21. b3 b6 22. Qe4 g6 23. d5 Qc8 24. g3 exd5 25. Qxd5 Qc1+ 26. Qd1 Qb2
27. Qe2 Qa1+ 28. Kg2 Qe5 29. Qxe5 Bxe5 30. Bd5 Bd4 31. f4 Kg7 32. Kf3 f5 33. a4
a5 34. h3 h6 35. h4 h5 36. Ke2 Bc5 37. Kf3 Bd4 38. Bc4 Bc5 39. Bd5 Bd4 40. Bc4
Bc5 1/2-1/2

[Event "Russian Championship G13 1st league 2016"]
[Site "Loo"]
[Date "2016.04.28"]
[Round "9.28"]
[White "Kovtun, Tatyana"]
[Black "Lobanova, Milana"]
[Result "1-0"]
[WhiteElo "1419"]
[BlackElo "1316"]
[PlyCount "87"]
[EventDate "2016.04.20"]

1. e4 c6 2. d4 d5 3. e5 c5 4. c3 Nc6 5. Na3 e6 6. Nc2 Nge7 7. Nf3 c4 8. Be2 Nf5
9. O-O Be7 10. Bd2 h5 11. Qc1 Rg8 12. Ng5 h4 13. Bh5 g6 14. Be2 f6 15. exf6
Bxf6 16. Re1 Bd7 17. Bf3 Bxg5 18. Bxg5 Nce7 19. Ne3 Nxe3 20. Rxe3 Qa5 21. Bxe7
Kxe7 22. Re5 Kd8 23. Qg5+ Kc7 24. Qf4 Kc6 25. Qxh4 Qb5 26. Rb1 Qa4 27. a3 Qc2
28. Ree1 b5 29. Qe7 a6 30. Qc5+ Kb7 31. Qe7 Kc7 32. Bg4 Rae8 33. Qc5+ Kb7 34.
Qd6 Bc8 35. Rf1 Rgf8 36. Qe5 Rxf2 37. Rxf2 Qxb1+ 38. Rf1 Qxb2 39. Rf7+ Ka8 40.
Qc7 Qc1+ 41. Kf2 Qd2+ 42. Be2 Bd7 43. Qxd7 Qxc3 44. Qxe8# 1-0

[Event "Russian Championship G13 1st league 2016"]
[Site "Loo"]
[Date "2016.04.28"]
[Round "9.29"]
[White "Lashkova, Ekaterina"]
[Black "Nikonorova, Melaniya"]
[Result "0-1"]
[WhiteElo "1302"]
[BlackElo "1419"]
[PlyCount "90"]
[EventDate "2016.04.20"]

1. e4 c5 2. Nf3 d6 3. d4 cxd4 4. Nxd4 Nf6 5. f3 a6 6. c4 e5 7. Nc2 Be6 8. Nc3
Nbd7 9. Be3 Rc8 10. b3 Be7 11. Be2 O-O 12. O-O Nc5 13. Nd5 Bxd5 14. cxd5 Qc7
15. Rc1 Qd7 16. Na3 Qd8 17. Bd2 b5 18. Nb1 Qb6 19. Be3 Qd8 20. Nc3 h6 21. a4 b4
22. Na2 a5 23. Bb5 Nh7 24. Rc4 f5 25. Nc1 Ng5 26. h4 Nh7 27. g3 f4 28. gxf4
exf4 29. Bd2 Bxh4 30. Qe2 Rf6 31. Kh1 Bg3 32. Qg2 Rg6 33. Qh3 Ng5 34. Qg2 Nxf3
35. Rxf3 Qh4+ 36. Kg1 Bh2+ 37. Kf1 Rxg2 38. Kxg2 Bg3 39. Kf1 Qh1+ 40. Ke2 Qg2+
41. Kd1 Qxf3+ 42. Kc2 Qg2 43. Nd3 Kh7 44. Nxc5 Rxc5 45. Rxc5 dxc5 0-1

[Event "Russian Championship G13 1st league 2016"]
[Site "Loo"]
[Date "2016.04.28"]
[Round "9.30"]
[White "Tokmakova, Ulyana"]
[Black "Targyn, Belek"]
[Result "1-0"]
[WhiteElo "1175"]
[BlackElo "1380"]
[PlyCount "109"]
[EventDate "2016.04.20"]

1. f4 d5 2. Nf3 e6 3. e3 f5 4. b3 Nf6 5. Bb2 Nbd7 6. d4 c6 7. Nbd2 Bb4 8. a3
Bd6 9. c4 O-O 10. Bd3 Ne4 11. O-O Ndf6 12. Bxe4 Nxe4 13. Ne5 Bxe5 14. fxe5 Qb6
15. Nxe4 fxe4 16. Rxf8+ Kxf8 17. a4 Bd7 18. Ba3+ Kg8 19. Qc2 Rc8 20. Rf1 h6 21.
Bd6 c5 22. dxc5 Rxc5 23. Bxc5 Qxc5 24. Qd2 Bc6 25. Rc1 dxc4 26. Rxc4 Qxe5 27.
a5 Bd5 28. Rc8+ Kh7 29. b4 a6 30. Rf8 Qa1+ 31. Rf1 Qa3 32. Qd4 Kg8 33. h3 Qb3
34. Rc1 Qd3 35. Qxd3 exd3 36. Kf2 e5 37. Rc5 Bb3 38. Ke1 e4 39. Re5 Kf7 40.
Rxe4 Bd5 41. Rg4 g5 42. Kd2 Be6 43. Rd4 Bf5 44. g4 Bg6 45. Rd7+ Ke6 46. Rxb7
Ke5 47. Rb6 Bf7 48. Rxa6 h5 49. gxh5 Bxh5 50. Kxd3 Be8 51. Ra7 Bb5+ 52. Kd2 Kf5
53. a6 g4 54. hxg4+ Kxg4 55. Ra8 1-0

[Event "Russian Championship G13 1st league 2016"]
[Site "Loo"]
[Date "2016.04.28"]
[Round "9.31"]
[White "Zarkova, Elizaveta"]
[Black "Makarenko, Elizaveta"]
[Result "1/2-1/2"]
[WhiteElo "1372"]
[BlackElo "1226"]
[PlyCount "74"]
[EventDate "2016.04.20"]

1. d4 Nf6 2. c4 e6 3. Nc3 d5 4. cxd5 exd5 5. Bg5 Nbd7 6. e3 c6 7. Bd3 Be7 8.
Nge2 O-O 9. O-O Re8 10. Qc2 h6 11. Bh4 Ne4 12. Bxe7 Qxe7 13. Nxe4 dxe4 14. Bc4
Nf6 15. Nf4 Bf5 16. Rac1 Rac8 17. h3 Bh7 18. Rfd1 Red8 19. a4 Kf8 20. Qb3 g5
21. Ne2 h5 22. Nc3 Bf5 23. d5 cxd5 24. Nxd5 Nxd5 25. Bxd5 b6 26. Rc4 Rxc4 27.
Qxc4 Be6 28. Rd4 Rc8 29. Qb3 Qd6 30. Bc4 Bxc4 31. Rxc4 Rxc4 32. Qxc4 Qd1+ 33.
Kh2 Qd6+ 34. Kg1 Qd1+ 35. Kh2 Qd6+ 36. Kg1 Qd1+ 37. Kh2 Qd6+ 1/2-1/2

[Event "Russian Championship G13 1st league 2016"]
[Site "Loo"]
[Date "2016.04.28"]
[Round "9.32"]
[White "Taranenko, Polina"]
[Black "Breus, Anastasia"]
[Result "0-1"]
[WhiteElo "1226"]
[BlackElo "1403"]
[PlyCount "78"]
[EventDate "2016.04.20"]

1. d4 d5 2. c4 e6 3. Nc3 Nf6 4. Bg5 c6 5. Nf3 Nbd7 6. e3 Qa5 7. Nd2 Bb4 8. Qc2
dxc4 9. Bxc4 Qxg5 10. O-O O-O 11. a3 Bxc3 12. bxc3 Qa5 13. Nf3 e5 14. e4 Qc7
15. Rfe1 h6 16. Rab1 Re8 17. Qb3 Rf8 18. Nh4 Nb6 19. Ng6 Nxc4 20. Qxc4 Re8 21.
Nxe5 Qe7 22. Nd3 Be6 23. Qa4 Qc7 24. h3 Bd7 25. Nc5 b6 26. Nxd7 Qxd7 27. e5 Nd5
28. Qc2 Rac8 29. c4 Ne7 30. Rbd1 Nf5 31. Qc3 Rcd8 32. Re2 Nxd4 33. Red2 c5 34.
Kh1 Rxe5 35. Qg3 Rde8 36. Qf4 Qe6 37. Qg3 Re1+ 38. Rxe1 Qxe1+ 39. Kh2 Qxd2 0-1

[Event "Russian Championship G13 1st league 2016"]
[Site "Loo"]
[Date "2016.04.28"]
[Round "9.33"]
[White "Kudrevatykh, Anastasia"]
[Black "Belozerova, Olga"]
[Result "1-0"]
[WhiteElo "1396"]
[BlackElo "1057"]
[PlyCount "61"]
[EventDate "2016.04.20"]

1. d4 Nf6 2. c4 e5 3. e3 Nc6 4. d5 Ne7 5. e4 d6 6. Nc3 c6 7. Nf3 cxd5 8. exd5
Bg4 9. Bd3 g6 10. h3 Bd7 11. Bg5 Bg7 12. Nd2 O-O 13. Qf3 Ne8 14. O-O h6 15. Bh4
f5 16. Rfe1 e4 17. Bxe4 fxe4 18. Qxe4 g5 19. Bg3 Nc8 20. Nb3 Nf6 21. Qg6 Ne8
22. c5 Qf6 23. Qe4 Bf5 24. Qe3 b6 25. c6 Nc7 26. Qd2 Re8 27. Rxe8+ Nxe8 28. Re1
Nc7 29. Qe2 Kf7 30. Nb5 Nxb5 31. Qe8# 1-0

[Event "Russian Championship G13 1st league 2016"]
[Site "Loo"]
[Date "2016.04.28"]
[Round "9.37"]
[White "Kulagina, Karina"]
[Black "Arefieva, Olga"]
[Result "0-1"]
[WhiteElo "1244"]
[BlackElo "1492"]
[PlyCount "108"]
[EventDate "2016.04.20"]

1. e4 c5 2. Nf3 d6 3. d4 cxd4 4. Nxd4 Nf6 5. Nc3 g6 6. Bd3 Bg7 7. h3 O-O 8. Be3
Nc6 9. Nf3 Bd7 10. Qd2 Rb8 11. Bh6 b5 12. Bxg7 Kxg7 13. Bxb5 Qa5 14. Bxc6 Bxc6
15. b3 Rfc8 16. O-O Bd7 17. Nd5 Qxd2 18. Nxd2 Nxd5 19. exd5 Rxc2 20. Nc4 Rc8
21. Rfe1 Kf8 22. Rec1 Rxc1+ 23. Rxc1 Bb5 24. Rc2 e6 25. dxe6 fxe6 26. Na3 Rxc2
27. Nxc2 e5 28. f3 d5 29. Kf2 Ke7 30. Ke3 d4+ 31. Kd2 Kd6 32. g3 Kd5 33. a4 Bf1
34. h4 Bg2 35. Ne1 Bh3 36. Nd3 Bf5 37. g4 Bxd3 38. Kxd3 h6 39. h5 g5 40. b4 a6
41. a5 Kc6 42. Kc4 Kd6 43. b5 axb5+ 44. Kxb5 Kc7 45. Kc4 Kb7 46. Kd3 Ka6 47.
Kc4 Kxa5 48. Kd3 Kb5 49. Kd2 Kc5 50. Kd3 Kd5 51. Kd2 e4 52. fxe4+ Kxe4 53. Ke2
d3+ 54. Kd2 Kf4 0-1

[Event "Russian Championship G13 1st league 2016"]
[Site "Loo"]
[Date "2016.04.28"]
[Round "9.38"]
[White "Ustinovitch, Angelina"]
[Black "Butko, Anna"]
[Result "1-0"]
[WhiteElo "1206"]
[BlackElo "1313"]
[PlyCount "51"]
[EventDate "2016.04.20"]

1. e4 e5 2. Nf3 Nc6 3. Bb5 d6 4. d4 exd4 5. Nxd4 Bd7 6. Nc3 Nf6 7. O-O Be7 8.
Re1 O-O 9. Bf1 Re8 10. Bf4 Ne5 11. Bg3 c5 12. Ndb5 Bxb5 13. Bxb5 Rf8 14. Qd2 a6
15. Bf1 Qc7 16. f4 Nc6 17. e5 dxe5 18. fxe5 Rfd8 19. Qe3 Nh5 20. e6 Nxg3 21.
exf7+ Kf8 22. hxg3 Bd6 23. Bd3 h6 24. Qe4 Ne5 25. Qh7 Nxd3 26. Qg8# 1-0

[Event "Russian Championship G13 2016"]
[Site "Loo"]
[Date "2016.04.28"]
[Round "9.1"]
[White "Tereshechkina, Taisiya"]
[Black "Garifullina, Leya"]
[Result "0-1"]
[WhiteElo "1679"]
[BlackElo "1897"]
[PlyCount "112"]
[EventDate "2016.04.20"]

1. e4 e5 2. Nf3 Nc6 3. Bb5 a6 4. Ba4 Nf6 5. O-O b5 6. Bb3 Be7 7. Re1 d6 8. c3
O-O 9. h3 Na5 10. Bc2 c5 11. d4 cxd4 12. cxd4 Qc7 13. Bd2 Nc6 14. d5 Na5 15.
Bb4 Bd7 16. Nxe5 Rfc8 17. Na3 Nb7 18. Nxd7 Nxd7 19. Bc3 Nbc5 20. Rc1 Qd8 21.
Bb1 Na4 22. Bd4 Bf6 23. Bxf6 Qxf6 24. b3 Nac5 25. Nc2 Ne5 26. Nd4 Re8 27. Qd2
Rac8 28. Rc3 b4 29. Rg3 a5 30. Nf5 g6 31. f4 Ned7 32. Nh6+ Kg7 33. Ng4 Qh4 34.
Kh2 h5 35. Nf2 Qf6 36. Qe3 Re7 37. Qf3 Kh8 38. Rg5 Rce8 39. g4 h4 40. Qe3 Kg7
41. e5 dxe5 42. f5 e4 43. fxg6 fxg6 44. Rf1 Rf7 45. Nxe4 Qxf1 46. Rxg6+ Kf8 47.
Qh6+ Ke7 48. Qxh4+ Nf6 49. Nxf6 Rxf6 50. d6+ Kd7 51. Rxf6 Re2+ 52. Kg3 Qe1+ 53.
Kf4 Qxh4 54. Bf5+ Ne6+ 55. Bxe6+ Rxe6 56. Rxe6 Kxe6 0-1

[Event "Russian Championship G13 2016"]
[Site "Loo"]
[Date "2016.04.28"]
[Round "9.2"]
[White "Sovina, Maria"]
[Black "Stepanyan, Eva"]
[Result "1-0"]
[WhiteElo "1605"]
[BlackElo "1737"]
[PlyCount "81"]
[EventDate "2016.04.20"]

1. d4 Nf6 2. c4 e6 3. Nc3 Bb4 4. e3 O-O 5. Nge2 d5 6. a3 Be7 7. cxd5 Nxd5 8. g3
Nxc3 9. bxc3 c5 10. Bg2 Qc7 11. O-O Nc6 12. e4 Na5 13. Bf4 Qb6 14. Rb1 Qa6 15.
a4 c4 16. Nc1 Bd7 17. Qg4 f5 18. exf5 Rxf5 19. Be4 Rf7 20. Qh5 g6 21. Qd1 Bc6
22. Re1 Bf6 23. Na2 Bxe4 24. Nb4 Qb6 25. Rxe4 Nb3 26. Be3 Qa5 27. Rxe6 Qxa4 28.
Qe2 Rc8 29. Nd5 Rc6 30. Nxf6+ Rxf6 31. Re8+ Kg7 32. Bg5 Rf5 33. Qe7+ Rf7 34.
Qe5+ Rcf6 35. Bxf6+ Rxf6 36. Re7+ Kh6 37. Qxf6 Qa5 38. Qh4+ Qh5 39. Qf4+ Qg5
40. Rxh7+ Kxh7 41. Qxg5 1-0

[Event "Russian Championship G13 2016"]
[Site "Loo"]
[Date "2016.04.28"]
[Round "9.3"]
[White "Yakimova, Mariya"]
[Black "Baisheva, Nyurguiaana"]
[Result "1-0"]
[WhiteElo "1631"]
[BlackElo "1603"]
[PlyCount "71"]
[EventDate "2016.04.20"]

1. e4 c5 2. Nc3 d6 3. Nge2 Nf6 4. d4 cxd4 5. Nxd4 a6 6. Bc4 e6 7. Bb3 Be7 8.
O-O b5 9. Qf3 Bb7 10. Bxe6 Nc6 11. Nxc6 Bxc6 12. Bb3 O-O 13. a3 Kh8 14. Nd5 Rc8
15. c3 Nd7 16. Bf4 Ne5 17. Bxe5 dxe5 18. Nxe7 Qxe7 19. Qe3 a5 20. Rfd1 b4 21.
cxb4 axb4 22. a4 f6 23. f3 Ra8 24. Qb6 Bb7 25. Rac1 Rfc8 26. Rxc8+ Rxc8 27. Be6
Rb8 28. Rd7 Qe8 29. Rxb7 Rxb7 30. Qxb7 Qxe6 31. Qb8+ Qg8 32. Qxg8+ Kxg8 33. a5
Kf7 34. a6 Ke6 35. a7 f5 36. a8=Q 1-0

[Event "Russian Championship G13 2016"]
[Site "Loo"]
[Date "2016.04.28"]
[Round "9.4"]
[White "Dubnikova, Anastasia"]
[Black "Loskutova, Viktoriya"]
[Result "1/2-1/2"]
[WhiteElo "1686"]
[BlackElo "1820"]
[PlyCount "177"]
[EventDate "2016.04.20"]

1. d4 d5 2. c4 e6 3. Nc3 Bb4 4. Nf3 Nf6 5. a3 Bxc3+ 6. bxc3 h6 7. e3 O-O 8. Bb2
Nbd7 9. cxd5 exd5 10. Bd3 c6 11. O-O Nb6 12. Ne5 Bd7 13. a4 Re8 14. a5 Nc8 15.
Nxd7 Qxd7 16. Qc2 Nd6 17. Rab1 Nfe4 18. f3 Ng5 19. Rfe1 Ne6 20. Ba3 Qc7 21.
Bxd6 Qxd6 22. e4 Nf4 23. e5 Qc7 24. a6 bxa6 25. Bxa6 c5 26. Bd3 cxd4 27. cxd4
Qxc2 28. Bxc2 Rec8 29. Bf5 Rc4 30. g3 Ne6 31. Bxe6 fxe6 32. Ra1 a5 33. Red1 a4
34. Ra2 Rb8 35. Kf2 Rbb4 36. Ke3 Kf7 37. f4 Rc3+ 38. Rd3 Rcc4 39. g4 Kg6 40.
Rf2 Kf7 41. f5 Rc1 42. fxe6+ Kxe6 43. Kf4 Re1 44. Kg3 Rb3 45. Rff3 Reb1 46. Kh4
Rxd3 47. Rxd3 Rb3 48. Rd2 a3 49. Ra2 g5+ 50. Kh5 Rh3+ 51. Kg6 Ke7 52. Rf2 Rd3
53. Rf7+ Ke8 54. Ra7 Rxd4 55. Rxa3 Rxg4 56. Rd3 Rh4 57. h3 Ke7 58. Kf5 d4 59.
Rf3 Kd7 60. e6+ Ke7 61. Ke5 g4 62. Rf7+ Ke8 63. Kd6 gxh3 64. Ra7 Kf8 65. e7+
Kf7 66. Ra2 Re4 67. Rf2+ Kg6 68. Rh2 d3 69. Rxh3 d2 70. Rd3 Re2 71. Kd7 Kf7 72.
e8=Q+ Rxe8 73. Rxd2 Re3 74. Rg2 Kf6 75. Kd6 h5 76. Rg8 h4 77. Rh8 h3 78. Kd5
Kf5 79. Kd4 Rg3 80. Rh7 Kg4 81. Ke4 Rg2 82. Ke3 Ra2 83. Rg7+ Kh4 84. Rh7+ Kg3
85. Rg7+ Kh2 86. Kf3 Kh1 87. Rg3 h2 88. Rg8 Ra3+ 89. Kf2 1/2-1/2

[Event "Russian Championship G13 2016"]
[Site "Loo"]
[Date "2016.04.28"]
[Round "9.5"]
[White "Bondareva, Daria"]
[Black "Mironenko, Galina"]
[Result "1/2-1/2"]
[WhiteElo "1601"]
[BlackElo "1731"]
[PlyCount "91"]
[EventDate "2016.04.20"]

1. e4 d5 2. exd5 Nf6 3. d4 Bg4 4. f3 Bf5 5. Bb5+ Nbd7 6. Nc3 a6 7. Ba4 b5 8.
Bb3 Nb6 9. Nge2 Nbxd5 10. Nxd5 Nxd5 11. O-O e6 12. Ng3 Bg6 13. c4 Nf6 14. Bg5
Be7 15. Be3 O-O 16. Qe2 c6 17. Rfd1 bxc4 18. Qxc4 Nd5 19. Bf2 Qb6 20. Ne4 Rfd8
21. Nc5 Bg5 22. Re1 Qb5 23. Qa4 Nf4 24. Qxb5 axb5 25. Be3 h6 26. Rad1 Nd5 27.
Bxg5 hxg5 28. Re5 g4 29. fxg4 Nf6 30. g5 Nd7 31. Nxd7 Rxd7 32. Rc5 Ra6 33. Kf2
Kf8 34. g4 Ke7 35. h4 Be4 36. Ke3 Bd5 37. Bxd5 exd5 38. a3 Rd6 39. Kd3 Re6 40.
Rc2 Ra4 41. Rf1 Rc4 42. Rxc4 bxc4+ 43. Kd2 Rd6 44. Re1+ Kd7 45. Kc3 f6 46. g6 {
запись неразбор~~ива} 1/2-1/2

[Event "Russian Championship G13 2016"]
[Site "Loo"]
[Date "2016.04.28"]
[Round "9.6"]
[White "Nasyrova, Ekaterina"]
[Black "Gibadullina, Rajana"]
[Result "1/2-1/2"]
[WhiteElo "2060"]
[BlackElo "1569"]
[PlyCount "82"]
[EventDate "2016.04.20"]

1. d4 Nf6 2. c4 c5 3. d5 b5 4. cxb5 a6 5. bxa6 d6 6. Nc3 g6 7. e4 Bxa6 8. Nf3
Bxf1 9. Kxf1 Bg7 10. g3 Nbd7 11. Kg2 O-O 12. a4 Qb6 13. Qe2 Qb4 14. Bd2 Qb3 15.
Rhb1 Nb6 16. Ra3 Qc4 17. Qxc4 Nxc4 18. Ra2 Rfb8 19. b3 Nxd2 20. Nxd2 Ng4 21.
Rc2 Bd4 22. Nb5 Bxf2 23. Kf3 f5 24. exf5 Ne3 25. Rcc1 Nxd5 26. Kxf2 Rf8 27. Nc4
Rxf5+ 28. Kg2 Rg5 29. Re1 Nf4+ 30. Kh1 Nd5 31. Rbd1 Rf8 32. a5 Nb4 33. Rxe7 d5
34. Nb6 d4 35. Rd7 Re5 36. Nc4 Re2 37. Nxd4 cxd4 38. R7xd4 Rff2 39. R4d2 Rxh2+
40. Kg1 Rhg2+ 41. Kf1 Rgf2+ 1/2-1/2

[Event "Russian Championship G13 2016"]
[Site "Loo"]
[Date "2016.04.28"]
[Round "9.7"]
[White "Bodnaruk, Kseniya"]
[Black "Nasybullina, Dayana"]
[Result "0-1"]
[WhiteElo "1591"]
[BlackElo "1652"]
[PlyCount "114"]
[EventDate "2016.04.20"]

1. e4 c5 2. Nc3 Nc6 3. g3 g6 4. Bg2 Bg7 5. d3 Rb8 6. Be3 d6 7. Qd2 b5 8. Nge2
b4 9. Nd1 e6 10. O-O Nge7 11. Bh6 O-O 12. Bxg7 Kxg7 13. f4 Bd7 14. g4 f5 15.
exf5 exf5 16. g5 Nd4 17. Ng3 Qb6 18. c3 Nb5 19. Ne3 bxc3 20. bxc3 Bc6 21. Rac1
Bxg2 22. Qxg2 Na3 23. Rf2 Nb5 24. h4 Qb7 25. Qh3 d5 26. h5 Rh8 27. h6+ Kf7 28.
c4 Nd6 29. Qg2 dxc4 30. Nxc4 Nxc4 31. Qxb7 Rxb7 32. Rxc4 Rd8 33. Rd2 Rbd7 34.
Rxc5 Rxd3 35. Rxd3 Rxd3 36. Nf1 Ra3 37. Rc2 Ra4 38. Rf2 Nd5 39. Rd2 Ke6 40.
Re2+ Re4 41. Ng3 Nxf4 42. Rc2 Rd4 43. Nf1 Nh3+ 44. Kg2 Nxg5 45. Nd2 Nf7 46. Nb3
Rg4+ 47. Kf3 Nxh6 48. Nc5+ Kf6 49. Nd7+ Kg5 50. Ne5 Re4 51. Rc5 Ra4 52. Rc2 Ng4
53. Nc4 h5 54. Nd2 Ra3+ 55. Nb3 h4 56. Kg2 Ne3+ 57. Kh2 Nxc2 0-1

[Event "Russian Championship G13 2016"]
[Site "Loo"]
[Date "2016.04.28"]
[Round "9.8"]
[White "Kirchei, Viktoriia"]
[Black "Zyapaeva, Polina"]
[Result "1-0"]
[WhiteElo "1569"]
[BlackElo "1650"]
[PlyCount "71"]
[EventDate "2016.04.20"]

1. g3 c5 2. d3 Nc6 3. Bg2 d6 4. e4 Nf6 5. Ne2 g6 6. f4 Bg7 7. O-O O-O 8. c3 e6
9. h3 Rb8 10. g4 Nd7 11. f5 b5 12. g5 exf5 13. exf5 Nce5 14. f6 Bh8 15. d4 Nc4
16. b3 Ncb6 17. Bf4 Bb7 18. dxc5 Bxg2 19. Kxg2 Nc8 20. cxd6 Qb6 21. Ng3 Qc6+
22. Qf3 Qb6 23. Ne4 Re8 24. Nbd2 Qb7 25. Nf2 Qb6 26. Nde4 Qb7 27. Rfe1 Rf8 28.
Ng4 Rd8 29. Kg3 Ncb6 30. Qe2 Nd5 31. Bd2 Qc8 32. c4 bxc4 33. bxc4 N5b6 34. c5
Nd5 35. Nc3 Qxc5 36. Nxd5 1-0

[Event "Russian Championship G13 2016"]
[Site "Loo"]
[Date "2016.04.28"]
[Round "9.9"]
[White "Bandurina, Sofiya"]
[Black "Kutyanina, Mariya"]
[Result "0-1"]
[WhiteElo "1558"]
[BlackElo "1809"]
[PlyCount "96"]
[EventDate "2016.04.20"]

1. e4 e6 2. d4 d5 3. exd5 exd5 4. Nf3 Nf6 5. Bd3 Be7 6. O-O O-O 7. h3 Nbd7 8.
Nc3 b6 9. Bf4 a6 10. Ne5 Bb7 11. Nxd7 Qxd7 12. Ne2 Nh5 13. Bh2 g6 14. Nf4 Ng7
15. c3 Rfe8 16. Re1 Bd6 17. Qc2 c5 18. dxc5 bxc5 19. Bf1 Qc7 20. g3 Bxf4 21.
gxf4 Nf5 22. Bg3 d4 23. Bg2 Bxg2 24. Kxg2 Qc6+ 25. Kh2 Qf3 26. Qd1 Qb7 27. Qc2
Rad8 28. Rab1 c4 29. Rxe8+ Rxe8 30. Qa4 Re2 31. Qxc4 Qf3 32. Qxe2 Qxe2 33. cxd4
Nxd4 34. a4 Qe4 35. Rd1 Nf3+ 36. Kg2 Nh4+ 37. Kf1 Qh1+ 38. Ke2 Qxh3 39. Rd8+
Kg7 40. f5 Qg4+ 41. Kf1 Nxf5 42. Be5+ f6 43. Rd7+ Kh6 44. Bf4+ Qxf4 45. Rd3 Qc4
46. Ke2 Nd4+ 47. Ke3 Nf5+ 48. Kd2 Qxa4 0-1

[Event "Russian Championship G13 2016"]
[Site "Loo"]
[Date "2016.04.28"]
[Round "9.10"]
[White "Davydova, Kira"]
[Black "Shpakivskaya, Alina"]
[Result "1-0"]
[WhiteElo "1762"]
[BlackElo "1634"]
[PlyCount "95"]
[EventDate "2016.04.20"]

1. d4 d5 2. c4 e6 3. Nf3 Nf6 4. g3 Be7 5. Bg2 O-O 6. O-O dxc4 7. Ne5 c5 8. dxc5
Qc7 9. Nxc4 Qxc5 10. b3 Rd8 11. Qc2 Nd5 12. Nbd2 Nb4 13. Qb1 f5 14. a3 Nd5 15.
Bb2 Bf6 16. Bxf6 Nxf6 17. Rc1 Nd5 18. b4 Qd4 19. Nf3 Qf6 20. Qb3 Nc6 21. Rd1 b5
22. Ne3 Bb7 23. Nxd5 Rxd5 24. Rxd5 Qxa1+ 25. Rd1 Qf6 26. Qe3 Ne7 27. Qc5 a6 28.
Ne5 Bxg2 29. Kxg2 Nd5 30. Rxd5 Kh8 31. Rd7 h6 32. Qc6 Rf8 33. Nf3 f4 34. Rd6
fxg3 35. hxg3 Qb2 36. Rxe6 Qb3 37. Qxa6 Qc4 38. Qd6 Qc3 39. Qe5 Qc1 40. Re8
Rxe8 41. Qxe8+ Kh7 42. Qxb5 Qb2 43. a4 Qf6 44. a5 Kg8 45. a6 Qf8 46. Qd5+ Kh7
47. a7 Qxb4 48. Qf5+ 1-0

[Event "Russian Championship G13 2016"]
[Site "Loo"]
[Date "2016.04.28"]
[Round "9.11"]
[White "Zelenskaya, Anastasiya"]
[Black "Ershova, Sofya"]
[Result "1-0"]
[WhiteElo "1610"]
[BlackElo "1762"]
[PlyCount "125"]
[EventDate "2016.04.20"]

1. e4 e5 2. Nf3 Nc6 3. Nc3 Nf6 4. Bb5 Bb4 5. O-O O-O 6. d3 h6 7. Bxc6 dxc6 8.
Nxe5 Re8 9. Nf3 Bg4 10. h3 Bh5 11. Re1 Qd7 12. a3 Bc5 13. Be3 Qe7 14. Qe2 Nd7
15. Bxc5 Nxc5 16. d4 Ne6 17. Rad1 Rad8 18. d5 Ng5 19. Kh2 Bxf3 20. gxf3 Qe5+
21. Kg2 Qf6 22. Qe3 Qg6 23. Kh2 Qh5 24. Rd3 Qxh3+ 25. Kg1 Rd6 26. f4 Nf3+ 27.
Qxf3 Rg6+ 28. Qg3 Rxg3+ 29. fxg3 cxd5 30. Nxd5 c6 31. Nc3 Re6 32. Ree3 Rg6 33.
Ne2 h5 34. f5 Rh6 35. Nf4 Qg4 36. Ng2 Qg5 37. Rd7 h4 38. gxh4 Rxh4 39. Rxb7 Rg4
40. Re2 Qc1+ 41. Kh2 Qf1 42. Rd2 Qf3 43. Rb3 Rh4+ 44. Kg1 Qg4 45. Rb8+ Kh7 46.
Rdd8 Kh6 47. Rh8+ Kg5 48. Rxh4 Qd1+ 49. Kh2 Qd6+ 50. Kh3 Qxb8 51. b3 Qe5 52.
Ne3 Qc3 53. Rg4+ Kf6 54. Rg3 Qd4 55. Ng4+ Ke7 56. e5 Qb2 57. f6+ gxf6 58. exf6+
Ke6 59. Re3+ Kf5 60. Re7 Qxc2 61. Ne3+ Kxf6 62. Rxf7+ Kxf7 63. Nxc2 1-0

[Event "Russian Championship G13 2016"]
[Site "Loo"]
[Date "2016.04.28"]
[Round "9.12"]
[White "Slesareva, Miraslava"]
[Black "Erokhova, Violetta"]
[Result "1/2-1/2"]
[WhiteElo "1711"]
[BlackElo "1618"]
[PlyCount "80"]
[EventDate "2016.04.20"]

1. e4 c6 2. d4 d5 3. exd5 cxd5 4. Bd3 Nc6 5. c3 Qc7 6. h3 Nf6 7. Nf3 e6 8. Bg5
Be7 9. Nbd2 h6 10. Bh4 O-O 11. O-O a6 12. a4 Bd7 13. Re1 Rfc8 14. Bg3 Qb6 15.
Qb3 Qxb3 16. Nxb3 Bf8 17. Ne5 Rd8 18. f4 Nxe5 19. fxe5 Nh5 20. Bh2 g5 21. g4
Ng7 22. Nd2 Rac8 23. Bg3 Be7 24. Rf1 Rf8 25. a5 Bb5 26. Bxb5 axb5 27. Nb3 b4
28. Be1 bxc3 29. bxc3 Ne8 30. Rf3 Nc7 31. Rb1 Na6 32. Nc1 Rc7 33. Nd3 Ra8 34.
Rf2 Nb8 35. Rfb2 Ra7 36. Ra1 Nc6 37. Rba2 Nb8 38. Rb2 Kf8 39. Kf2 Ke8 40. Ke3
Nc6 1/2-1/2

[Event "Russian Championship G13 2016"]
[Site "Loo"]
[Date "2016.04.28"]
[Round "9.13"]
[White "Baiburina, Kamilla"]
[Black "Komendrovskaya, Olga"]
[Result "1-0"]
[WhiteElo "1841"]
[BlackElo "1557"]
[PlyCount "109"]
[EventDate "2016.04.20"]

1. e4 c5 2. Nf3 e6 3. Qe2 Nc6 4. g3 Nf6 5. Bg2 e5 6. O-O Be7 7. c3 Qc7 8. Na3
a6 9. Nc2 d6 10. d4 b6 11. b4 Bb7 12. d5 Na7 13. a4 cxb4 14. cxb4 a5 15. b5 Nd7
16. Be3 O-O 17. Nfe1 Nc5 18. f4 exf4 19. gxf4 f5 20. exf5 Rxf5 21. Nd4 Rff8 22.
Rc1 Qd7 23. Ne6 Rfb8 24. Qg4 Nxe6 25. dxe6 Qd8 26. Bd4 Bf6 27. Bxf6 Qxf6 28.
Rc7 Bxg2 29. Nxg2 Re8 30. f5 Rf8 31. Ne3 Qh6 32. Nd5 Kh8 33. e7 Rg8 34. Kh1 Qd2
35. Nxb6 Rab8 36. Qg1 Qd3 37. Rxa7 Rxb6 38. Qxb6 Qe4+ 39. Kg1 Qg4+ 40. Kf2 Qf4+
41. Ke2 Qe4+ 42. Qe3 Qc2+ 43. Ke1 Qb1+ 44. Kf2 Qxf5+ 45. Kg1 Qg4+ 46. Kh1 Qc4
47. Qf3 h6 48. b6 Kh7 49. Qf5+ Kh8 50. b7 g6 51. Qf6+ Kh7 52. Qf7+ Qxf7 53.
Rxf7+ Rg7 54. Rxg7+ Kxg7 55. b8=Q 1-0

[Event "Russian Championship G13 2016"]
[Site "Loo"]
[Date "2016.04.28"]
[Round "9.14"]
[White "Dashina, Sofiia"]
[Black "Sumarokova, Alina"]
[Result "1/2-1/2"]
[WhiteElo "1534"]
[BlackElo "1780"]
[PlyCount "113"]
[EventDate "2016.04.20"]

1. Nf3 c5 2. c4 e6 3. e3 b6 4. Nc3 Bb7 5. d4 cxd4 6. exd4 d6 7. d5 e5 8. Be2
Be7 9. Be3 Nf6 10. h3 Nbd7 11. b4 O-O 12. O-O Rc8 13. Qb3 Qc7 14. Nb5 Qb8 15.
Rac1 a6 16. Nc3 h6 17. Rfd1 Ne8 18. Na4 Qa7 19. Rc2 f5 20. c5 f4 21. Bc1 bxc5
22. bxc5 Rb8 23. Qc4 Ndf6 24. c6 Bc8 25. Nxe5 dxe5 26. d6+ Kh8 27. dxe7 Qxe7
28. Nc5 Nc7 29. Nd7 Rb4 30. Qc5 Qxc5 31. Rxc5 Rd8 32. Nxe5 Rxd1+ 33. Bxd1 Ne6
34. Rc4 Rb5 35. Nf7+ Kg8 36. Nd6 Rb8 37. Kh2 Ra8 38. Bf3 Ng5 39. Bd1 Be6 40.
Rd4 Nd5 41. c7 Nxc7 42. Bxf4 Bxa2 43. Bxg5 hxg5 44. Ra4 Bd5 45. Be2 Kf8 46. Kg3
g6 47. f3 Kg7 48. Kg4 Kh6 49. Bc4 Bxc4 50. Rxc4 Nd5 51. Rc5 Nf6+ 52. Kg3 Ra7
53. Ne4 Nxe4+ 54. fxe4 a5 55. Rc3 a4 56. Ra3 Kg7 57. e5 1/2-1/2

[Event "Russian Championship G13 2016"]
[Site "Loo"]
[Date "2016.04.28"]
[Round "9.15"]
[White "Murzina, Agata"]
[Black "Lintsova, Liliya"]
[Result "0-1"]
[WhiteElo "1752"]
[BlackElo "1557"]
[PlyCount "86"]
[EventDate "2016.04.20"]

1. e4 c5 2. Nf3 Nc6 3. d4 cxd4 4. Nxd4 g6 5. Bf4 Nf6 6. Bc4 Qb6 7. Nb5 d6 8.
Be3 Qa5+ 9. N1c3 Bg7 10. O-O O-O 11. f4 Ng4 12. Nd5 Nxe3 13. Nxe3 Bxb2 14. Rb1
Bg7 15. Qd3 a6 16. Na3 e6 17. f5 exf5 18. exf5 Bd4 19. fxg6 Qc5 20. gxh7+ Kh8
21. Rfe1 Bf5 22. Qd2 Qxa3 23. Kh1 Bxh7 24. Rb3 Qc5 25. Bd3 Bxd3 26. Rxd3 Rae8
27. Nf1 Bg7 28. Rh3+ Kg8 29. Qd3 f6 30. Qb3+ d5 31. Rd1 Re5 32. Qxb7 Qb5 33.
Qd7 Rd8 34. Qg4 Qc4 35. Qg6 Rg5 36. Qh7+ Kf7 37. Rh4 Qe2 38. Ne3 Qxe3 39. Rg1
Rh8 40. Qxh8 Bxh8 41. Rxh8 Rg8 42. Rh7+ Rg7 43. Rh8 Nd4 0-1